Culture as a Factor Influencing Creativity
Analýza faktorov, ktoré majú vplyv na tvorivosť a následne na úspešnosť národov v medzinárodnej súťaži v ére riadenej novými formami automatizácie. Poukázanie na úlohu kultúry a overenie vplyvu konkrétnych národných kultúrnych dimenzií na kreativitu pomocou korelačnej a regresnej analýzy.
Salvato in:
| Autore principale: | |
|---|---|
| Altri autori: | |
| Natura: | Capitolo di libro |
| Lingua: | inglese |
| Soggetti: | |
| Tags: |
Nessun Tag, puoi essere il primo ad aggiungerne!!
|
MARC
| LEADER | 00000nla a2200000 4500 | ||
|---|---|---|---|
| 001 | 0245557 | ||
| 005 | 20240502083654.9 | ||
| 041 | 0 | |a eng | |
| 044 | |a CZ | ||
| 245 | 1 | 0 | |a Culture as a Factor Influencing Creativity |
| 520 | |a Analýza faktorov, ktoré majú vplyv na tvorivosť a následne na úspešnosť národov v medzinárodnej súťaži v ére riadenej novými formami automatizácie. Poukázanie na úlohu kultúry a overenie vplyvu konkrétnych národných kultúrnych dimenzií na kreativitu pomocou korelačnej a regresnej analýzy. | ||
| 610 | 2 | 0 | |a kultúra |
| 610 | 2 | 0 | |a kreativita |
| 610 | 2 | 0 | |a technológie nové |
| 610 | 2 | 0 | |a inovácie technologické |
| 610 | 2 | 0 | |a inovácie sociálne |
| 610 | 2 | 0 | |a konkurencieschopnosť |
| 610 | 2 | 0 | |a analýza korelačná |
| 610 | 2 | 0 | |a analýza regresná |
| 100 | 1 | |a Kittová, Zuzana, 1975- | |
| 700 | 1 | |a Steinhauser, Dušan, 1988- | |